Detalles MARC
| 000 -LIDER |
| fixed length control field |
01124nam a2200325 a 4500 |
| 001 - NÚMERO DE CONTROL |
| Identificador de número de control |
000028713 |
| 003 - IDENTIFICACDOR DE NÚMERO DE CONTROL |
| control field |
DO-SdBPM |
| 005 - DATE AND TIME OF LATEST TRANSACTION |
| control field |
20250319100248.0 |
| 007 - CAMPOS FIJOS DE DESCRIPCIÓN FÍSICA |
| fixed length control field |
000028713 |
| 008 - ELEMENTOS DE LONGITUD FIJA |
| fixed length control field |
110411s2008 dr a 000 f spa d |
| 020 ## - ISBN |
| International Standard Book Number |
9789945175905 |
| 040 ## - FUENTE DE CATALOGACIÓN |
| Agencia que crea de manera original el registro |
DO-SdBPM |
| Idioma de catalogación |
spa |
| Agencia que realiza la transcripción |
BPMSU |
| 082 #4 - NÚMERO DE CLASIFICACIÓN DECIMAL DE DEWEY |
| Classification number |
RD863.44 |
| Item number |
S787c 2019 |
| Edition number |
22 |
| 100 1# - ASIENTO PRINCIPAL -- NOMBRE PERSONAL |
| Nombre personal |
Stanley, Avelino, |
| Fechas asociadas con el nombre |
1959- |
| 245 13 - MENCIÓN DE TITULO |
| Título |
La ciguapa encantada por la luna / |
| Mención de responsabilidad |
Avelino Stanley ; ilustraciones de Montserrat Ubach Figueras |
| 260 ## - PUBLICACIÓN, DISTRIBUCIÓN, ETC. (PIE DE IMPRENTA) |
| Lugar de publicación, distribución, etc |
Santo Domingo : |
| Nombre del editor, distribuidor, etc. |
Ediciones SM, |
| Fecha de publicación, distribución, etc |
2019 |
| 300 ## - DESCRIPCIÓN FÍSICA |
| Extensión |
157 p. : |
| Otros detalles físicos |
ilustración ; |
| Dimensiones |
23 cm. |
| 490 0# - MENCIÓN DE SERIES |
| Mención de serie |
El barco de vapor, |
| Volume/sequential designation |
4 |
| 500 ## - NOTA GENERAL |
| Nota general |
Incluye datos biográficos del autor en contracubierta. |
| 500 ## - NOTA GENERAL |
| Nota general |
A partir de los doce años |
| 521 1# - TARGET AUDIENCE NOTE |
| Target audience note |
A partir de 12 años. |
| 586 ## - AWARDS NOTE |
| Awards note |
Obra finalista “El barco de vapor”, 2007. |
| 590 ## - NOTA LOCAL |
| Texto de la nota local |
Inventariado, 2025/VM |
| 650 #4 - ENCABEZAMIENTO DE MATERIA--TEMÁTICO |
| Término temático o nombre geográfico como elemento de entrada |
Cuentos infantiles dominicanos |
| 650 #4 - ENCABEZAMIENTO DE MATERIA--TEMÁTICO |
| Término temático o nombre geográfico como elemento de entrada |
Leyendas dominicanas |
| 650 #4 - ENCABEZAMIENTO DE MATERIA--TEMÁTICO |
| Término temático o nombre geográfico como elemento de entrada |
Literatura infantil dominicana |
| 700 1# - ASIENTO SECUNDARIO -- NOMBRE PERSONAL |
| Nombre personal |
Ubach Figueras, Montserrat, |
| Mención de responsabilidad |
ilustraciones |
| 910 ## - VALIDACIÓN |
| Validación |
VMateo V. Control de calidad BPMSU |
| 942 ## - ADDED ENTRY ELEMENTS (KOHA) |
| Source of classification or shelving scheme |
Dewey Decimal Classification |
| Koha item type |
Libros |